| 000 | 00442nam a2200157Ia 4500 | ||
|---|---|---|---|
| 008 | 160316s1999 xxu||||| |||| 00| 0 eng d | ||
| 082 |
_a342.085000 _bTAL |
||
| 100 | _aTalwar Rajesh | ||
| 245 | _aThe third sex and the human rights | ||
| 250 | _a | ||
| 260 |
_aNew Delhi _bGyan Publishing House _c1999 |
||
| 300 |
_a216p _b _c |
||
| 365 | _b Rs. 385 | ||
| 650 | _a1.Transsexuals - Legal Status - Laws - India 2. Human Rights | ||
| 700 |
_a _a |
||
| 999 |
_c24985 _d24985 |
||